000
00317nam a2200145Ia 4500
100
_a
Jarol Scott
942
_c
BK
654
_a
Computer
245
_a
Visuals Basics Multimedia : Adventure Set
260
_b
Galgotia
_a
New Delhi
_c
1994
082
_a
5.1
_b
PAN
300
_a
710
546
_a
ENGLISH
999
_c
27104
_d
27104